000 00665nam a2200241Ia 4500
003 OSt
005 20220912153226.0
006 a|||||r|||| 00| 0
007 ta
008 220909b |||||||| |||| 00| 0 eng d
024 _a1062
037 _cTextual
040 _aCSL
_beng
_cCSL
041 _aeng
082 _aY7:(G)p1,N80, M2
100 _aSidhu L S Ed.
111 _aInternational symposium on human growth (1982 : Patiala)
245 0 _aProceedings on human growth
260 _aNew Delhi
_b Today & Tomorrow
_c1982
300 _ap.
_ccm.
942 _hY7:(G)p1,N80, M2
_cTEXL
_2CC
999 _c99339
_d99339